MARC-Details
| 000 -Satzkennung |
| Kontrollfeld mit fester Länge |
02126cam a2200637 4500 |
| 001 - Kontrollnummer |
| Kontrollfeld |
358055938 |
| 003 - Kontrollnummer Identifier |
| Kontrollfeld |
DE-627 |
| 005 - Datum und Zeit der letzten Transaktion |
| Kontrollfeld |
20211227144431.0 |
| 007 - Feld mit fester Länge zur physischen Beschreibung - Allgemeine Information |
| Kontrollfeld mit fester Länge |
tu |
| 008 - Feld mit fester Länge zur physischen Beschreibung - Allgemeine Angaben |
| Kontrollfeld mit fester Länge |
021211s2003 gw ||||| 00| ||ger c |
| 015 ## - Nummer der Nationalbibliografie |
| Nummer der Nationalbibliografie |
03,N01,1957 |
| Quelle |
dnb |
| 016 7# - Kontrollnummer der nationalbibliografischen Agentur |
| Datensatzkontrollnummer |
965715558 |
| Quelle |
DE-101 |
| 020 ## - Internationale Standardbuchnummer |
| Internationale Standardbuchnummer |
3412188026 |
| Bezugsbedingungen |
Gb. : ca. 59.00 EUR |
| 035 ## - Systemkontrollnummer |
| System-Kontrollnummer |
(DE-627)358055938 |
| 035 ## - Systemkontrollnummer |
| System-Kontrollnummer |
(DE-599)DNB965715558 |
| 035 ## - Systemkontrollnummer |
| System-Kontrollnummer |
(OCoLC)249550292 |
| 035 ## - Systemkontrollnummer |
| System-Kontrollnummer |
(DE-604)BV015734765 |
| 040 ## - Katalogisierungsquelle |
| Original-Katalogisierungsstelle |
DE-627 |
| Katalogisierungssprache |
ger |
| Übertragungsstelle |
DE-627 |
| Beschreibungsfestlegungen |
rakwb |
| Bearbeitungsstelle |
DE-2950 |
| 041 ## - Sprachcode |
| Sprachcode des Textes/der Tonspur oder des separaten Titels |
ger |
| 044 ## - Ländercode der veröffentlichenden/herstellenden Stelle |
| ISO-Ländercode |
XA-DE |
| -- |
XA-AT |
| 050 #0 - Signatur der Library of Congress |
| Notation |
JS3000 |
| 050 #0 - Signatur der Library of Congress |
| Notation |
JS3000 |
| 082 0# - Notation nach der Dewey Decimal Classification |
| Notation |
307.09 |
| Zuweisende Stelle |
BSZ |
| 082 04 - Notation nach der Dewey Decimal Classification |
| Notation |
940 |
| 084 ## - Andere Notation |
| Notation |
63 |
| Quelle der Nummer |
sdnb |
| 084 ## - Andere Notation |
| Notation |
8,1 |
| Quelle der Nummer |
ssgn |
| 084 ## - Andere Notation |
| Notation |
G:xq S:og Z:20 |
| Quelle der Nummer |
rvk |
| 084 ## - Andere Notation |
| Notation |
G:xq S:og Z:30 |
| Quelle der Nummer |
rvk |
| 084 ## - Andere Notation |
| Notation |
NR 1850 |
| Zuweisende Stelle |
BVB |
| Quelle der Nummer |
rvk |
| IDN des Normdatensatzes oder Standardnummer |
(DE-625)rvk/129181: |
| 084 ## - Andere Notation |
| Notation |
NR 1800 |
| Zuweisende Stelle |
BVB |
| Quelle der Nummer |
rvk |
| IDN des Normdatensatzes oder Standardnummer |
(DE-625)rvk/129177: |
| 084 ## - Andere Notation |
| Notation |
15.30 |
| Quelle der Nummer |
bkl |
| 090 ## - LOCALLY ASSIGNED LC-TYPE CALL NUMBER (OCLC); LOCAL CALL NUMBER (RLIN) |
| Notation (OCLC) (R) ; Notation, CALL (RLIN) (NR) |
a |
| 100 1# - Haupteintragung - Personenname |
| Personenname |
Poeck, Dietrich W. |
| Code für Beziehungskennzeichnung |
aut |
| 245 10 - Titel |
| Titel |
Rituale der Ratswahl: |
| Zusatz zum Titel |
Zeichen und Zeremoniell der Ratssetzung in Europa (12. - 18. Jahrhundert) / |
| Verfasserangabe etc. |
von Dietrich W. Poeck. |
| 264 #1 - Produktion, Veröffentlichung, Distribution, Herstellung und Urheberrechtsvermerk |
| Herstellungs-, Veröffentlichungs- Vertriebs-, Erzeugungsort |
Köln [u.a.]: |
| Produzent, Herausgeber, Distributor, Hersteller |
Böhlau, |
| Datum der Herstellung, der Veröffentlichung, des Vertriebs oder des Urheberschutzvermerks |
2003. |
| 300 ## - Physische Beschreibung |
| Umfang |
XI, 364, 21 S. |
| Andere physische Details |
Ill., Kt. |
| Maße |
26 cm |
| 336 ## - Inhaltstyp |
| Inhaltstypterm |
Text |
| Inhaltstypcode |
txt |
| Quelle |
rdacontent |
| 337 ## - Medientyp |
| Bezeichnung des Medientyps |
ohne Hilfsmittel zu benutzen |
| Medientypcode |
n |
| Quelle |
rdamedia |
| 338 ## - Datenträgertyp |
| Datenträgertypbezeichnung |
Band |
| Datenträgertypcode |
nc |
| Quelle |
rdacarrier |
| 490 1# - Gesamttitelangabe |
| Gesamttitelangabe |
Städteforschung |
| -- |
Reihe A, Darstellungen; |
| Bandnummer/Folgebezeichnung |
60 |
| 500 ## - Allgemeine Fußnote |
| Allgemeine Fußnote |
Literaturverz. S. [324] - 349 |
| 650 #4 - Nebeneintragung unter einem Schlagwort - Sachschlagwort |
| Sachschlagwort oder geografischer Name als Eintragungselement |
City councils |
| Allgemeine Unterteilung |
Europe |
| -- |
History |
| 650 #4 - Nebeneintragung unter einem Schlagwort - Sachschlagwort |
| Sachschlagwort oder geografischer Name als Eintragungselement |
Local elections |
| Allgemeine Unterteilung |
Europe |
| -- |
History |
| 650 #4 - Nebeneintragung unter einem Schlagwort - Sachschlagwort |
| Sachschlagwort oder geografischer Name als Eintragungselement |
Municipal ceremonial |
| Allgemeine Unterteilung |
Europe |
| -- |
History |
| 650 #4 - Nebeneintragung unter einem Schlagwort - Sachschlagwort |
| Sachschlagwort oder geografischer Name als Eintragungselement |
Political customs and rites |
| Allgemeine Unterteilung |
Europe |
| -- |
History |
| 650 #4 - Nebeneintragung unter einem Schlagwort - Sachschlagwort |
| Sachschlagwort oder geografischer Name als Eintragungselement |
Public officers |
| Allgemeine Unterteilung |
Europe |
| -- |
History |
| 951 ## - EQUIVALENCE OR CROSS-REFERENCE--GEOGRAPHIC NAME/AREA NAME [OBSOLETE] [CAN/MARC only] |
| Geografischer Name |
BO |
| 830 #0 - Nebeneintragung unter dem Gesamttitel - Einheitstitel |
| Einheitstitel |
Städteforschung / A |
| Bandnummer/Folgebezeichnung |
60 |
| Koha-Normdatenidentnummer |
60 |
| Datensatzkontrollnummer |
(DE-627)130159506 |
| -- |
(DE-576)015701735 |
| -- |
(DE-600)517592-6 |
| Internationale Standardseriennummer |
2748-4564 |
| 856 42 - Elektronische Adresse und Zugriff |
| URL |
<a href="http://www.gbv.de/dms/bs/toc/358055938.pdf">http://www.gbv.de/dms/bs/toc/358055938.pdf</a> |
| Kontaktstelle für Hilfe beim Zugriff |
V:DE-601 |
| -- |
B:DE-84 |
| Elektronisches Format |
pdf/application |
| Verknüpfungstext |
Inhaltsverzeichnis |
| Spezifische Materialangaben |
Inhaltsverzeichnis |
| 936 rv - OCLC/CONSER MISCELLANEOUS DATA (OCLC); PIECE USED FOR CATALOGING (pre-AACR2) (RLIN) |
| OCLC control number(s) of parallel record(s) (OCLC); Piece used for cataloging, PUC (RLIN) |
G:xq S:og Z:20 |
| 936 rv - OCLC/CONSER MISCELLANEOUS DATA (OCLC); PIECE USED FOR CATALOGING (pre-AACR2) (RLIN) |
| OCLC control number(s) of parallel record(s) (OCLC); Piece used for cataloging, PUC (RLIN) |
G:xq S:og Z:30 |
| 936 rv - OCLC/CONSER MISCELLANEOUS DATA (OCLC); PIECE USED FOR CATALOGING (pre-AACR2) (RLIN) |
| OCLC control number(s) of parallel record(s) (OCLC); Piece used for cataloging, PUC (RLIN) |
NR 1850 |
| 936 rv - OCLC/CONSER MISCELLANEOUS DATA (OCLC); PIECE USED FOR CATALOGING (pre-AACR2) (RLIN) |
| OCLC control number(s) of parallel record(s) (OCLC); Piece used for cataloging, PUC (RLIN) |
NR 1800 |
| 936 bk - OCLC/CONSER MISCELLANEOUS DATA (OCLC); PIECE USED FOR CATALOGING (pre-AACR2) (RLIN) |
| OCLC control number(s) of parallel record(s) (OCLC); Piece used for cataloging, PUC (RLIN) |
15.30 |
| 942 ## - Zusätzliche Felder (Koha) |
| Klassifikation oder Aufstellungssystematik |
Andere/Generische Klassifikation |
| Koha-Medientyp |
Bücher |